Dzielnice Gdańska wg zdjęć satelitarnych - Statystyki

Ogólne statystyki
  • Ten quiz został rozwiązany 107 razy
  • Średni wynik to 21 z 35
Statystyki odpowiedzi
Obrazkowy Odpowiedź % Poprawnych
Letnica
93%
Wyspa Sobieszewska
87%
Stogi
80%
Brzeźno
79%
Przeróbka
74%
Śródmieście
74%
Nowy Port
73%
Oliwa
72%
Przymorze Wielkie
70%
Krakowiec-Górki Zachodnie
68%
Rudniki
68%
Żabianka Wejhera-Jelitkowo Tysiąclecia
65%
Matarnia
62%
Młyniska
62%
Olszynka
60%
Kokoszki
59%
Strzyża
57%
Orunia-Św. Wojciech-Lipce
56%
Brętowo
55%
Zaspa-Młyniec
55%
VII Dwór
54%
Chełm
52%
Osowa
52%
Piecki-Migowo
52%
Wrzeszcz Górny
52%
Zaspa-Rozstaje
52%
Jasień
51%
Wrzeszcz Dolny
51%
Wzgórze Mickiewicza
51%
Aniołki
50%
Siedlce
50%
Suchanino
50%
Przymorze Małe
49%
Ujeścisko-Łostowice
49%
Orunia Górna-Gdańsk Południe
45%
Nie znaleziono quizów pasujących do podanych kryteriów
Rozkład punktacji
Procent ludzi z każdym wynikiem
Percentyl według liczby udzielonych odpowiedzi
Twoja historia wyników
Nie rozwiązałeś tego quizu